| 000 | 00521nam a2200181Ia 4500 | ||
|---|---|---|---|
| 003 | GCL | ||
| 008 | 140319s9999 xx 000 0 ara d | ||
| 040 |
_aGCL / _cGCL |
||
| 082 | 0 | 4 |
_a621.366 _bن ل |
| 100 | 1 | _aنايل بركات | |
| 245 | 1 | 0 |
_aالليزر بين النظرية والتطبيق / _cنايل بركات |
| 300 | _a101 ص | ||
| 490 |
_aالعلم والحياة _v0 |
||
| 650 | 0 | 4 | _aاشعة ليزر |
| 650 | 0 | 4 | _aالفيزياء الضوئية |
| 650 | 0 | 4 | _aليزر , اشعة |
| 942 |
_2ddc _cBK |
||
| 999 |
_c48005 _d48005 |
||